000 00932nmm a2200289 a 4500
001 ocm000712073
003 TR-IsHL
005 20201028154330.0
008 150709s2009 tu tur
007 cr cn
020 _a9786054205110
035 _a712073
_b(N$T)
050 0 4 _aQA76.73.J39
_bÇ45 2009
090 0 4 _aQA76.73.J39
_bÇ45 2009
100 1 _aÇelikbilek, İbrahim
245 1 0 _aJavaScript
_h[electronic resource] /
_cİbrahim Çelikbilek
250 _a1. bs.
260 _aİstanbul :
_bKodlab Yayınevi,
_c2009
300 _a336 p.
650 4 _aBilgisayar
650 4 _aComputer Sciences
650 0 _aJavaScript (Bilgisayar program dili)
650 0 _aJavaScript (Computer program language)
650 0 _aWorld Wide Web
650 7 _aCOMPUTERS / Programming Languages / JavaScript
_2bisacsh
856 4 0 _uhttp://search.ebscohost.com/login.aspx?direct=true&scope=site&db=e011xww&AN=712073
999 _c12521
_d12521